| 000 | 00504nam a22001817a 4500 | ||
|---|---|---|---|
| 999 |
_c17850 _d17850 |
||
| 008 | 190720b xxu||||| |||| 00| 0 eng d | ||
| 020 | _a1842054058 | ||
| 040 |
_aKABU _cKABU |
||
| 050 |
_aPZ7 _b.S74 2004 c. 1 |
||
| 100 | _aStevenson, Robert Louis | ||
| 245 | _aTreasure Island | ||
| 260 |
_aScotland _bGeddes & Grosset _c2004 |
||
| 300 | _a192 p. | ||
| 650 |
_aBurried treasure _xFiction |
||
| 650 |
_aPirates _xFiction |
||
| 650 |
_aAdventure and adventures _xFiction |
||
| 942 |
_2lcc _cBK _hPZ7 |
||